| 000 | 00401nam a2200133Ia 4500 | ||
|---|---|---|---|
| 008 | 231017s9999 xx 000 0 und d | ||
| 082 | _a625.85 | ||
| 082 | _bBOM | ||
| 245 | 0 | _aEvaluation of Healing in Asphalt Binders using Dynamic Shear Rheometer and Molecular Modeling Techniques | |
| 245 | 0 | _cRamamohan Reddy Bommavaram | |
| 260 | _bRamamohan Reddy Bommavaram | ||
| 300 | _c30cm | ||
| 942 | _cREP | ||
| 999 |
_c604689 _d604689 |
||